| 000 | 00614nam a22001817a 4500 | ||
|---|---|---|---|
| 008 | 161116b xxu||||| |||| 00| 0 eng d | ||
| 020 | _a978-621-8019-12-6 | ||
| 082 |
_22016 _aDFil 410 _bD33l |
||
| 100 |
_917505 _aDayon, Charlie A. |
||
| 245 |
_aLinguistic features of Philippine English/ _cCharlie A. Dayon. |
||
| 260 |
_aPhilippines: _bCronica BookHaus, _cc2016. |
||
| 300 |
_ai, 37 pages: _billustrations; _c28 cm. |
||
| 500 | _aIncludes bibliographical references and index. | ||
| 650 | 0 |
_917507 _aLinguistics |
|
| 650 | 0 |
_917509 _aEnglish language -- Philippines. |
|
| 365 |
_b540.00 _cPhp |
||
| 942 |
_2ddc _cDFIL |
||
| 999 |
_c5712 _d5712 |
||